00334nam a2200097Ia 4500008004100000245004300041245006000084260000900144650003200153856005100185171211s9999 xx 000 0 und d aIl Morandini 2011, Dizionario dei film cLaura Morandini, Luisa Morandini, and Morando Morandini c2011 xEncyclopedia and Dictionary uhttp://down.ebook777.com/057/9788808227225.pdf